Sociologie du travail (notice n° 1552914)
[ vue normale ]
| 000 -LEADER | |
|---|---|
| fixed length control field | 01469cam a2200277zu 4500 |
| 003 - CONTROL NUMBER IDENTIFIER | |
| control field | FRCYB88819665 |
| 005 - DATE AND TIME OF LATEST TRANSACTION | |
| control field | 20251020123051.0 |
| 008 - FIXED-LENGTH DATA ELEMENTS--GENERAL INFORMATION | |
| fixed length control field | 251020s2010 fr | o|||||0|0|||fre d |
| 020 ## - INTERNATIONAL STANDARD BOOK NUMBER | |
| International Standard Book Number | 9782200248208 |
| 035 ## - SYSTEM CONTROL NUMBER | |
| System control number | FRCYB88819665 |
| 040 ## - CATALOGING SOURCE | |
| Original cataloging agency | FR-PaCSA |
| Language of cataloging | fr |
| Transcribing agency | |
| Description conventions | rda |
| 100 1# - MAIN ENTRY--PERSONAL NAME | |
| Personal name | Stroobants, Marcelle |
| 245 01 - TITLE STATEMENT | |
| Title | Sociologie du travail |
| Remainder of title | Domaines et approches |
| Statement of responsibility, etc. | ['Stroobants, Marcelle'] |
| 264 #1 - PRODUCTION, PUBLICATION, DISTRIBUTION, MANUFACTURE, AND COPYRIGHT NOTICE | |
| Name of producer, publisher, distributor, manufacturer | Armand Colin |
| Date of production, publication, distribution, manufacture, or copyright notice | 2010 |
| 300 ## - PHYSICAL DESCRIPTION | |
| Extent | p. |
| 336 ## - CONTENT TYPE | |
| Content type code | txt |
| Source | rdacontent |
| 337 ## - MEDIA TYPE | |
| Media type code | c |
| Source | rdamdedia |
| 338 ## - CARRIER TYPE | |
| Carrier type code | c |
| Source | rdacarrier |
| 520 ## - SUMMARY, ETC. | |
| Summary, etc. | Cet ouvrage récapitule les épisodes caractéristiques de la mise au travail depuis la révolution industrielle, les techniques d'organisation de la production et leur mode d'emploi, au-delà des entreprises. Il confronte les identités professionnelles à la dynamique des conflits et des tensions sur le marché de l'emploi. Sont ainsi mis en lumière les acquis, les débats classiques et les prolongements actuels de la sociologie du travail. Cette nouvelle édition met en relief l'essor de l'activité des femmes dans le secteur tertiaire. L'accent est également mis sur le glissement de la sociologie du travail vers une sociologie de l'emploi et des professions. |
| 650 #0 - SUBJECT ADDED ENTRY--TOPICAL TERM | |
| Topical term or geographic name entry element | |
| 700 0# - ADDED ENTRY--PERSONAL NAME | |
| Personal name | Stroobants, Marcelle |
| 856 40 - ELECTRONIC LOCATION AND ACCESS | |
| Access method | Cyberlibris |
| Uniform Resource Identifier | <a href="https://international.scholarvox.com/netsen/book/88819665">https://international.scholarvox.com/netsen/book/88819665</a> |
| Electronic format type | text/html |
| Host name | |
Pas d'exemplaire disponible.




Réseaux sociaux